=LDR 00000nam 2200000 4500 =001 INLIS000000000009716 =005 20130612101511 =008 ***********************************Ind** =035 ##$$0010-061300000009716 =041 ##$$a Ind =082 ##$$a 634.65 =090 ##$$a 634.65, ilus, Lut d =100 ##$$a Lutony, Tony Luqman =245 ##$$a Duku, Potensial dan Peluangnya, Tony Luqman Lutony =260 ##$$a 1993 $b Yogyakarta =300 ##$$a 79 hlm, ilus , 21 cm =650 ##$$a Duku (Buah) =850 ##$$a NBPNMAT